000 00582nam a22001937a 4500
003 OSt
005 20160705144730.0
008 160705b xxu||||| |||| 00| 0 eng d
020 _a0443072256
040 _c040a
082 _aWA 525
_bS11j 2003
245 _aThe successfuk GP registrar's companion :
_bpreparing ,practising and perfecting /
_cJoe Rosenthal...{etal}
260 _aEdinburgh
_bChurchill Livingstone
_c2003
300 _axii, 245p;
_bill :
_c15 cm.
504 _aIncludes index
650 _aGP registrar
_99950
700 _aRosenthal, Joe
_99951
942 _2z
_cO_SHELF
999 _c4634
_d4634